000 00863nam a2200253Ia 4500
003 OSt
005 20220923212314.0
006 a|||||r|||| 00| 0
007 ta
008 220922b |||||||| |||| 00| 0 hin d
024 _a152,109
037 _cTextual
040 _aARTS
_cARTS
_bhin
041 _2hin
_ahin
082 _aO111944,3v, 152L2
100 _aरामसेवक सिंह
_9156275
245 0 _aभारतीय अंग्रेजी कथा साहित्य
246 _aBhāratīya aangrejī kathā sāhitya
260 _aदिल्ली
_b अक्षर प्रकाशन
_c1972
300 _a180 पृ.
_ccm.
650 _aअंग्रेजी साहित्य
_9156276
942 _hO111944,3v, 152L2
_cTEXL
_2CC
999 _c307781
_d307781